000
00267nam a2200109Ia 4500
008
190914s9999||||xx |||||||||||||| ||und||
100
_a
Thompson, Strickland
245
0
_a
Strategic Management
260
_a
New Jersey
_b
Prentice Hall
_c
1985
300
_a
670
942
_c
BK
999
_c
9402
_d
9402